|
|
|
|
| LEADER |
00000cam a2200000 7i4500 |
| 001 |
0000032841 |
| 005 |
20220105104059.0 |
| 008 |
120627 |
| 020 |
|
|
|a 9812744890 (Set)
|
| 020 |
|
|
|a 9812744894
|
| 090 |
0 |
0 |
|a JP
|b EL ENG
|
| 100 |
1 |
|
|a Alexander, Andrian
|
| 245 |
1 |
0 |
|a Shapeys :
|b the birthday present
|c written and illustrated by Adrian Alexander
|
| 260 |
|
|
|a Sg :
|b Teachers@work ,
|c [s.n]
|
| 440 |
|
|
|a Shapeys; Level 2 Book D (Mathematics)
|
| 500 |
|
|
|a Children age 4-6 years old (yellow)
|
| 650 |
|
0 |
|a Early childhood education
|
| 650 |
|
0 |
|a English fiction
|
| 999 |
|
|
|a 0001142157
|b Book
|c Children Collection
|e Perbadanan Perpustakaan Awam Johor
|
| 999 |
|
|
|a 0001142158
|b Book
|c Children Collection
|e Perbadanan Perpustakaan Awam Johor
|
| 999 |
|
|
|a 0001142159
|b Book
|c Children Collection
|e Cawangan AEON Kulaijaya
|
| 999 |
|
|
|a 0001142161
|b Book
|c Children Collection
|e Cawangan Segamat
|
| 999 |
|
|
|a 0001142162
|b Book
|c Children Collection
|e Cawangan Bandar Tenggara
|
| 999 |
|
|
|a 0001142163
|b Book
|c Children Collection
|e Cawangan Taman Sri Lambak
|
| 999 |
|
|
|a 0001142165
|b Book
|c Children Collection
|e Cawangan Bukit Gambir
|
| 999 |
|
|
|a 0001142167
|b Book
|c Children Collection
|e Cawangan Pontian
|
| 999 |
|
|
|a 0001142168
|b Book
|c Children Collection
|e Cawangan Bandar Penawar
|
| 999 |
|
|
|a 0001142169
|b Book
|c Children Collection
|e Cawangan Taman Sri Lambak
|